| 000 | 00632nam a2200181Ia 4500 | ||
|---|---|---|---|
| 005 | 20260302160847.0 | ||
| 008 | 260302s9999 xx 000 0 und d | ||
| 020 | _a9781843761099 | ||
| 082 |
_a338.926 _bGEU |
||
| 100 | _aGeuna, Aldo | ||
| 245 | 0 |
_aScience and Innovation / _cGeuna, Aldo; Salter, Ammon J.; Steinmueller, William Edward |
|
| 260 |
_bEdward Elgar Publishing, _c2003 |
||
| 300 | _a456 pages | ||
| 520 | _aThe chapters in this book issue a series of challenges to the next generation of science and technology policy. | ||
| 650 | _aPolitical Science | ||
| 700 | _aSteinmueller, William Edward | ||
| 942 | _cENGLISH | ||
| 999 |
_c616583 _d616583 |
||